Joseph Beuys.
שמור ב:
| מחבר ראשי: | |
|---|---|
| פורמט: | ספר |
| שפה: | ספרדית |
| יצא לאור: |
Madrid, España:
Nerea,
2003.
|
| מהדורה: | 3a. edición. |
| סדרה: | Arte Hoy, 4.
|
| נושאים: | |
| תגים: |
הוספת תג
אין תגיות, היה/י הראשונ/ה לתייג את הרשומה!
|
MARC
| LEADER | 00000nam a2200000 a 4500 | ||
|---|---|---|---|
| 001 | UCK9879 | ||
| 003 | CL-VaPUC | ||
| 005 | 20250321101906.0 | ||
| 008 | 060609e20030000SP |||||||||||||||||spa|d | ||
| 999 | |c 316880 |d 316878 | ||
| 020 | |a 84-89569-32-0 | ||
| 040 | |c Pontificia Universidad Católica de Valparaíso | ||
| 082 | 0 | 4 | |a 730.92 BER 2003 |2 22 |
| 100 | |a Bernárdez, Carmen |e autora |9 499756 | ||
| 245 | 1 | 0 | |a Joseph Beuys. |
| 250 | |a 3a. edición. | ||
| 260 | |a Madrid, España: |b Nerea, |c 2003. | ||
| 300 | |a 119 páginas: |b ilustraciones. | ||
| 490 | 0 | |a Arte Hoy, 4. | |
| 500 | |a c.2: Instituto Arcos. 08-01-2025 | ||
| 583 | |a last modification |c 20060609 00:00:00 |k Rodrigo Vera | ||
| 600 | 0 | |a Beuys, Joseph, |2 CL-VaPUC |9 331197 |d 1921-1986 |v Vida y obras |x Artista alemán | |
| 650 | 0 | |a Arte conceptual |9 341272 |x Esculturas |z Alemania |y Siglo 20 | |
| 942 | |c BK |2 ddc |n 0 | ||
| 945 | |d 20060609 00:00:00 |a jtorresc | ||
| 952 | |0 0 |1 0 |4 0 |6 730_920000000000000_BER_2003 |7 0 |8 R |9 392424 |a BIBART |b BIBART |d 2019-11-22 |i 4236327 |o 730.92 BER 2003 |p 4236327 |r 2025-03-13 |w 2019-11-22 |y BK_R |k ART | ||
| 952 | |0 0 |1 0 |2 ddc |4 0 |6 730_920000000000000_BER_2003 |7 0 |8 A |9 599164 |a BIBINC |b BIBINC |d 2025-01-13 |e Instituto Arcos |i 5664001 |o 730.92 BER 2003 |p 5664001 |r 2025-01-13 |t 2 |w 2025-01-13 |y BK |k IFP | ||